000
00313nam a2200121Ia 4500
008
190216s9999||||xx |||||||||||||| ||und||
100
_a
Barreth Clark & Maxiamlieder
245
0
_a
Great Short Stories Of The World
260
_b
Spring Books
300
_a
1078
650
_a
English Short Stories
942
_c
BK
999
_c
11567
_d
11567